000 00965cam a22002651 4500
001 6076900
003 ARRUPE
005 20160921115927.0
008 721108s1959 enkabc b 000 0 eng
010 _a 59003468
015 _aGB59-10374
035 _a(OCoLC)489664
040 _aDLC
_cODaWU
_dOCoLC
_dUk
_dDLC
050 0 0 _aGN495.5
_b.B46
082 _a572.96762
100 1 _aBernardi, Bernardo.
_926039
245 1 4 _aThe mugwe,
_ba failing prophet; a study of a religious and public dignitary of the Meru of Kenya.
_cWith a foreword by Daryll Forde.
260 _aLondon,
_aNew York,
_bPublished for the International African Institute by the Oxford University Press,
_c1959.
300 _axiv, 211 p.
_billus., ports., maps.
_c20 cm.
504 _aBibliography: p. [205]-206.
610 2 0 _aMeru (African people)
_926040
650 0 _aKings and rulers, Primitive
_926041
906 _a7
_bcbc
_coclcrpl
_du
_encip
_f19
_gy-gencatlg
942 _2lcc
_cMONOGRAPH
999 _c125306
_d125306